000 00974nam a2200265 a 4500
001 1087
003 BR-CuiBMT
005 20231129013604.0
008 231128s2017 mgba 000 0 spa d
020 _a9788545004592
040 _aBR-CuiBMT
_cBR-CuiBMT
080 _a351.9:004
_22007
090 _a351.9:004
_bC764
245 0 3 _aEl control de la administración pública en la Era digital /
_cAroldo Cedraz de Oliveira, coordinador ; prefacio Juan Manuel Portal Martinez ; traducción Ana Helena Barbosa de Oliveira ... [et al.].
260 _aBelo Horizonte :
_bFórum,
_c2017.
300 _a470 p. :
_bil. color. ;
_c24 cm
650 _aAdministração pública
_xControle
_zBrasil
650 _aGestão pública
_zBrasil
650 _aAdministração pública
_xHistória
650 _aControle externo
_zBrasil
650 _aAdministração pública
_xInovação
650 _aGoverno eletrônico
700 1 _aOliveira, Aroldo Cedraz de
_4coord.
942 _2udc
_cLV
999 _c1087
_d1087